Captain America : Steve Rogers. Hail Hydra /

Hlavní autor: Spencer, Nick, 1967-
Další autoři: Saiz, Jesús, 1972-, Pina, Javier, 1975-, Sepúlveda, Miguel, Klíčník, Richard, 1980-
Jazyk: Čeština
Vydáno: Praha : BB/art s.r.o., 2019
Vydání: První vydání v českém jazyce
Edice: BB art komiks
Témata:
Fyzický popis: 162 stran, 6 nečíslovaných stran obrazových příloh : barevné ilustrace ; 26 cm
Language note: Český text
Knihy
Uloženo v:
LEADER 01952cam a2200505 i 4500
001 nkc20193124488
003 CZ PrNK
005 20211012110235.0
007 ta
008 190918s2019 xr af g 6 000 1 cze d
015 |a cnb003124488 
020 |a 978-80-7595-254-7  |q (brožováno) :  |c Kč 349,00 
035 |a (OCoLC)1140084683 
040 |a OSA001  |b cze  |d BOA001  |e rda 
041 1 |a cze  |h eng 
072 7 |a 741.52  |x Komiksy. Komiksové adaptace  |2 Konspekt  |9 21 
080 |a 741.52(0:82-322.9)  |2 MRF 
100 1 |a Spencer, Nick,  |d 1967-  |7 xx0240107  |4 aut 
240 1 0 |a Hail Hydra.  |l Česky 
245 1 0 |a Captain America :  |b Steve Rogers.  |p Hail Hydra /  |c scénář Nick Spencer ; kresba Jesús Saiz a Javier Pina s Miguelem Sepulvedou ; z původního anglického vydání Captain America: Steve Rogers vol. 1 - Hail Hydra přeložil: Richard Klíčník 
246 3 0 |a Steve Rogers 
246 3 0 |a Hail Hydra 
250 |a První vydání v českém jazyce 
264 1 |a Praha :  |b BB/art s.r.o.,  |c 2019 
300 |a 162 stran, 6 nečíslovaných stran obrazových příloh :  |b barevné ilustrace ;  |c 26 cm 
336 |a text  |b txt  |2 rdacontent 
336 |a statický obraz  |b sti  |2 rdacontent 
337 |a bez média  |b n  |2 rdamedia 
338 |a svazek  |b nc  |2 rdacarrier 
490 1 |a BB art komiks 
500 |a Na hřbetu uvedeno: Marvel 
546 |a Český text 
655 7 |a superhrdinské komiksy  |7 fd1057488  |2 czenas 
655 9 |a superhero comics  |2 eczenas 
700 1 |a Saiz, Jesús,  |d 1972-  |7 osa2016934445  |4 ill 
700 1 |a Pina, Javier,  |d 1975-  |7 xx0240144  |4 ill 
700 1 |a Sepúlveda, Miguel  |7 xx0240145  |4 ill 
700 1 |a Klíčník, Richard,  |d 1980-  |7 ola2010548202  |4 trl 
830 0 |a BB art komiks  |0 s 
910 2 |a BOA001  |b 3-1433.859 
920 |a 000776766  |z OSA001 
990 |a BK 
995 |a 01 
991 |b 201910  |c NOV 
996 6 |b 2610799322  |c 3-1433.859  |l MZK  |r Sklad / do 1 hodiny  |n 0  |p p.v.  |w 001760339  |u 000010  |a 1  |e BOA001  |j MZK50  |s P